Tratado de botánica

Сохранить в:
Библиографические подробности
Главные авторы: Strasburger, Eduard (Автор), Noll, Federico (Автор), Schenck, Enrique (Автор), Schimper, Guillermo (Автор)
Формат:
Язык:испанский
Опубликовано: Barcelona Marín 1923
Редактирование:15a. ed
Предметы:
Метки: Добавить метку
Нет меток, Требуется 1-ая метка записи!

MARC

LEADER 00000nam a2200000 a 4500
001 UCT1963
003 CL-VaPUC
008 961004e19230000SP |||||||||||||||||spa|d
082 0 4 |a 581  |b STR  |2 21 
100 0 |a Strasburger, Eduard  |e author  |9 371015 
700 0 |a Noll, Federico  |e author  |9 371016 
700 0 |a Schenck, Enrique  |e author  |9 371017 
700 0 |a Schimper, Guillermo  |e author  |9 371018 
245 1 0 |a Tratado de botánica 
250 |a 15a. ed 
300 |a 731 p 
942 |c BK 
945 |d 19961004 00:00:00  |a paguirre 
260 |a Barcelona  |b Marín  |c 1923 
650 0 |a Botánica  |9 264202 
650 0 |a Histología   |9 264868 
650 0 |a Citología  |9 261432 
650 0 |a Células   |9 269548 
650 0 |a Botánica  |9 264202 
650 0 |a Plantas  |9 264555 
650 0 |a Anatomía vegetal  |9 269541 
583 |a last modification  |c 19961004 00:00:00  |k Rodrigo Vera 
999 |c 252281  |d 252279